| 000 | 004350000a22001810004500 | ||
|---|---|---|---|
| 003 | MACL | ||
| 005 | 20151216132401.0 | ||
| 008 | 151216b xxu||||| |||| 00| 0 eng d | ||
| 040 |
_aMACL _cMACL |
||
| 041 | _aEnglish | ||
| 082 | _a030/PHI | ||
| 100 |
_aGeorge Philip Ltd _920352 |
||
| 245 | _aEncyclopedia 2002 | ||
| 260 |
_bGeorge Philip Ltd _c2001 |
||
| 350 | _a2385 | ||
| 650 |
_aEncyclopaedia _920353 |
||
| 942 |
_cBK _k030/PHI _2ddc |
||
| 999 |
_c40405 _d40405 |
||